Sonetos terminales /

Guardat en:
Dades bibliogràfiques
Autor principal: Alvarez, Griselda (autor)
Altres autors: Labastida, Jaime (presentación) (presentación)
Format: Llibre
Idioma:espanyol
Publicat: México : Fondo de Cultura Económica, 1997, c1997
Col·lecció:(Tezontle)
Matèries:
Etiquetes: Afegir etiqueta
Sense etiquetes, Sigues el primer a etiquetar aquest registre!

MARC

LEADER 00000nam^a2200000^a^4500
001 000054618
005 20250521000000.0
009 20260310090517.709
020 |a 968-16-5321-1 
037 |a Acervo ITESO - Biblioteca 
041 |a ESP 
082 |a 861.  |b ALV 
100 |a Alvarez, Griselda  |e (autor) 
245 1 0 |a Sonetos terminales /  |c G. Alvarez ; presen. de J. Labastida. 
264 4 |a México :  |b Fondo de Cultura Económica,  |c 1997, c1997 
300 |a 162 p. 
336 |a texto  |b txt  |2 rdacontenido 
337 |a sin mediación  |b n  |2 rdamedio 
338 |a volumen  |b nc  |2 rdasoporte 
440 1 |a (Tezontle) 
545 0 |a Griselda Álvarez (Guadalajara, 1918 – Ciudad de México, 2009), escritora y política jalisciense relacionada estrechamente con el estado de Colima. Estudió en la Escuela Nacional de Maestros (1938) y la Escuela Normal de Especialización (1949-51) y obtuvo el título en Letras Modernas en la UNAM con la tesis La inmortalidad en la obra de Jorge Luis Borges (1976). Reconocida principalmente como poeta, entre sus títulos figuran Cementerio de pájaros (1956), Dos cantos (1959), Desierta compañía (1961), Letanía erótica para la paz (1963), Anatomía superficial (1967), Estación sin nombre (1972), Sonetos terminales (1997), Erótica (1999) y Glosa de la Constitución en sonetos (1999). Las colecciones de relatos La sombra niña (1965) y Tiempo presente (1970, Premio Sor Juana Inés de la Cruz 1968) destacan en su producción narrativa. Senadora por Jalisco (1976-1979), fue la primera mujer gobernadora en la historia de México (Colima, 1979-1985), cargo que también ocuparon su padre Miguel Alvarez García y su abuelo Manuel Álvarez Zamora. Diez mujeres en la poesía mexicana del siglo XX (1974), Algunas mujeres en la historia de México (1980) y Cuesta arriba: memorias de la primera gobernadora (1992) reflejan un interés en la reflexión con un punto de vista de género. Dirigió la revista Acá (1951-1952) y colaboró en Revista de Revistas, Ovaciones, Excélsior y Novedades. Recibió numerosos reconocimientos por su trayectoria, entre ellos la Medalla Belisario Domínguez del Senado de la República (1996). 
649 |a XX 
650 |a Poesía Jalisciense 
650 |a Poesía Mexicana 
650 |a Literatura de Mujeres -  |z Jalisco 
650 |a Literatura de Mujeres -  |z México 
650 |a Literatura Jalisciense -  |y Siglo XX 
650 |a Literatura Mexicana -  |y Siglo XX 
700 |a Labastida, Jaime  |e (presentación) 
910 |a Fondo General 
920 |a Impresos - Libros 
930 |a Colección General 
940 |a Literatura 
905 |a 101 
901 |a 0500013196  |b IT1  |c LIT  |u 20250521 
902 |a https://opac.biblio.iteso.mx/vufind/Record/000054618